Curs de propietat intel·lectual : teoria i anàlisi aplicat a la Diputació de Barcelona teoria i anàlisi aplicat a la Diputació de Barcelona
Publicado:
Barcelona :
Diputació de Barcelona. Àrea de Govern Local. Oficina de Desenvolupament de Recursos Humans ,
2007
Descripción Física:
2 carpetes ; 31 cm
Colección:
Pla de formació
MARC
| LEADER | 00000nam a2200000Ia 4500 | ||
|---|---|---|---|
| 001 | 19595, 19596 | ||
| 003 | BGR | ||
| 005 | 20260324175743.0 | ||
| 008 | 160829s2007 xx 000 0 cat d | ||
| 080 | |a FOL-3-32, FOL-3-33 | ||
| 245 | |a Curs de propietat intel·lectual : |b teoria i anàlisi aplicat a la Diputació de Barcelona | ||
| 260 | |a Barcelona : |b Diputació de Barcelona. Àrea de Govern Local. Oficina de Desenvolupament de Recursos Humans, |c 2007 | ||
| 300 | |a 2 carpetes ; |c 31 cm | ||
| 490 | |a Pla de formació | ||
| 590 | |a Curs octubre - novembre 2007 | ||
| 610 | 1 | 0 | |a Barcelona (Catalunya : Província). |b Diputació |9 52408 |
| 650 | |a Propietat intel·lectual |9 40081 | ||
| 710 | 1 | |a Barcelona (Catalunya : Província). |b Diputació |b Oficina de Desenvolupament de Recursos Humans |9 52408 | |
| 901 | |a Arxiu | ||
| 942 | |n 1 |2 udc |c MON | ||
| 952 | |0 0 |1 0 |4 0 |6 FOL332_FOL333 |7 1 |9 49400 |a Arxiu |b Arxiu |d 2016-12-01 |l 0 |o FOL-3-32, FOL-3-33 |p 19595, 19596 |r 2016-12-01 00:00:00 |w 2016-12-01 |y ARXIU | ||
| 999 | |c 53242 |d 53242 | ||